| 000 -ლიდერი |
| ფიქსირებული სიგრძის საკონტროლო ველი |
01506nam a22002537a 4500 |
| 003 - საკონტროლო ნომრის იდენტიფიკატორი |
| საკონტროლო ველი |
Ge_BSU |
| 005 - ბოლო ოპერაციის თარიღი და დრო |
| საკონტროლო ველი |
20220624113326.0 |
| 008 - ფიქსირებული სიგრძის მონაცემთა ელემენტები - ზოგადი ინფორმაცია |
| ფიქსირებული სიგრძის საკონტროლო ველი |
220624s2019 ge ||||| |||| 00| 0 geo d |
| 020 ## - წიგნის საერთაშორისო სტანდარტული ნომერი |
| International Standard Book Number |
9789941302824 |
| 041 ## - ენის კოდი |
| Language code of text/sound track or separate title |
geo |
| 080 ## - უნივერსალური ათობითი კლასიფიკაციის ინდექსი |
| Universal Decimal Classification number |
16 პ-79 |
| 100 ## - მთავარი ჩანაწერი - პიროვნების სახელი |
| Personal name |
პრისტი, გრემ |
| 9 (RLIN) |
14221 |
| 245 ## - ცნობა სათაურის შესახებ |
| Title |
ლოგიკა : |
| Remainder of title |
ძალიან მოკლე შესავალი / |
| Statement of responsibility, etc |
გრემ პრისტი ; მთარგმნელი ნიკა სამუშია ; სამეცნიერო რედაქტორი თამარ ცხადაძე ; რედაქტორი ნინო გოგალაძე ; დიზაინერი ია მახათაძე. |
| 264 ## - წარმოების, გამოცემის, დისტრიბუციის და სხვა ცნობები |
| გამოცემის, წარმოების, დისტრიბუციის... ადგილი |
თბილისი : |
| გამოცემის, წარმოების, დისტრიბუციის... სახელწოდება |
ბაკურ სულაკაურის გამომცემლობა, |
| გამოცემის, წარმოების, დისტრიბუციის... თარიღი |
2019. |
| 300 ## - ფიზიკური აღწერა |
| Extent |
196 გვ. : |
| Other physical details |
ფოტ., ცხრ. ; |
| Dimensions |
17 სმ. |
| 501 ## - შენიშვნა თანმხლებ მასალაზე |
| With note |
საძიებელი: გვ. 195-196. |
| 504 ## - BIBLIOGRAPHY, ETC. NOTE |
| Bibliography, etc |
ბიბლიოგრაფია: გვ. 189-190. |
| 653 ## - INDEX TERM--UNCONTROLLED |
| Uncontrolled term |
ლოგიკა |
| 700 ## - ADDED ENTRY--PERSONAL NAME |
| Personal name |
სამუშია, ნიკა |
| Relator term |
მთარგმნელი |
| 9 (RLIN) |
14222 |
| 700 ## - ADDED ENTRY--PERSONAL NAME |
| Personal name |
ცხადაძე, თამარ |
| Relator term |
სამეცნიერო რედაქტორი |
| 9 (RLIN) |
14223 |
| 700 ## - ADDED ENTRY--PERSONAL NAME |
| Personal name |
გოგალაძე, ნინო |
| Relator term |
რედაქტორი |
| 9 (RLIN) |
12334 |
| 700 ## - ADDED ENTRY--PERSONAL NAME |
| Personal name |
მახათაძე, ია |
| Relator term |
დიზაინერი |
| 9 (RLIN) |
5299 |
| 942 ## - ADDED ENTRY ELEMENTS (KOHA) |
| Source of classification or shelving scheme |
|
| Koha item type |
წიგნი |